000 00857nam a2200217 i 4500
001 172214
003 ES-MaACL
005 20240125194424.0
008 090618s19191918sp |||| | spa d
080 _a821.134.2
080 _a811.134.2
110 2 _aReal Academia Española
_96336
245 1 0 _aDiscursos leídos ante la Real Academia Española,
_f1919 /
_cReal Academia Española.
260 _aMadrid :
_b[s.n.],
_c1919 (
_fImp. Estanislao Maestre)
300 _a1 v. ;
_c25 cm.
505 8 _aContiene: La escatología musulmana en la Divina comedia / Miguel Asín Palacios (385 p.). Contestación / Julián Ribera Tarragó (p. 386-401).
600 0 4 _aDante Alighieri,
_d1265-1321.
_tLa divina commedia
_9175737
650 4 _aEscatología musulmana-
_xEn la literatura.
_9163470
852 _aES-MaACL
_jK-154
999 _c172214
_d172214